Young India : (Record no. 151236)

MARC details
000 -LEADER
fixed length control field 00754nam a22002057a 4500
005 - DATE AND TIME OF LATEST TRANSACTION
control field 20180416151407.0
010 ## - LCCN (DPL NO)
LC control number B-690924-925
020 ## - INTERNATIONAL STANDARD BOOK NUMBER
Terms of availability 450.00
International Standard Book Number 9788191070323
035 ## - SYSTEM CONTROL NUMBER
System control number B-690924-925
037 ## - SOURCE OF ACQUISITION
Source of stock number/acquisition Universal
082 ## - DEWEY DECIMAL CLASSIFICATION NUMBER
Classification number 921
100 ## - MAIN ENTRY--PERSONAL NAME
Personal name Rai,Lajpat
245 00 - TITLE STATEMENT
Title Young India :
Statement of responsibility, etc by Lajpat Rai
Remainder of title history of the nationalist movement /
260 ## - PUBLICATION, DISTRIBUTION, ETC. (IMPRINT)
Place of publication, distribution, etc Noida
Name of publisher, distributor, etc Tarunam Publications
Date of publication, distribution, etc 2011
270 ## - ADDRESS
Address 21-A,Sector-93,
City NOIDA, U.P.
Postal code 201301
300 ## - PHYSICAL DESCRIPTION
Extent xvii,218p.
Dimensions 22cm(hb)
500 ## - GENERAL NOTE
General note Balidali
942 ## - ADDED ENTRY ELEMENTS (KOHA)
Source of classification or shelving scheme Dewey Decimal Classification
Item type English Books
Call number suffix RAI
Classification part 921
Holdings
Withdrawn status Lost status Not for loan Collection code Home library Current library Date acquired Source of acquisition Cost, normal purchase price Full call number Barcode Copy number Cost, replacement price Koha item type Public note
      Non-fiction Central Library Central Library 16/04/2018 Universal 032/06.03.2018/801/19.02.2018/12.03.2018 450.00 921 RAI B-690924 1 450.00 English Books Balidani
      Non-fiction Sarojini Nagar Sarojini Nagar 16/04/2018 Universal 032/06.03.2018/801/19.02.2018/12.03.2018 450.00 921 RAI B-690925 1 450.00 English Books Balidani

© Delhi Public Library
Hit Counter
free hit counter